<?xml version="1.0" encoding="UTF-8"?>
<collection xmlns="http://www.loc.gov/MARC21/slim">
    <record>
        <controlfield tag="001">179638</controlfield>
        <controlfield tag="005">20160817112022.0</controlfield>
        <datafield tag="022" ind1=" " ind2=" ">
            <subfield code="a">0254-0096</subfield>
        </datafield>
        <datafield tag="024" ind1="7" ind2=" ">
            <subfield code="2">ZDBID</subfield>
            <subfield code="a">PERI:(DE-600)791242-0</subfield>
        </datafield>
        <datafield tag="024" ind1="7" ind2=" ">
            <subfield code="2">ZDBPPN</subfield>
            <subfield code="a">ZDPPN:014366789</subfield>
        </datafield>
        <datafield tag="024" ind1="7" ind2=" ">
            <subfield code="2">SCOPUS</subfield>
            <subfield code="a">SCOPUS:13349</subfield>
        </datafield>
        <datafield tag="030" ind1=" " ind2=" ">
            <subfield code="a">TYNPDG</subfield>
        </datafield>
        <datafield tag="030" ind1=" " ind2=" ">
            <subfield code="a">TYNPDG</subfield>
        </datafield>
        <datafield tag="035" ind1=" " ind2=" ">
            <subfield code="a">PERI:(DE-600)791242-0</subfield>
        </datafield>
        <datafield tag="041" ind1=" " ind2=" ">
            <subfield code="a">chi</subfield>
        </datafield>
        <datafield tag="082" ind1=" " ind2=" ">
            <subfield code="a">530</subfield>
        </datafield>
        <datafield tag="245" ind1=" " ind2=" ">
            <subfield code="a">Tai yang neng xue bao</subfield>
            <subfield code="b">ji kan</subfield>
            <subfield code="c">Tai yang neng xue bao bian ji wei yuan hui bian ji</subfield>
            <subfield code="h">print</subfield>
        </datafield>
        <datafield tag="246" ind1="3" ind2=" ">
            <subfield code="a">T'ai-yang-neng-hsüeh-pao</subfield>
        </datafield>
        <datafield tag="247" ind1=" " ind2=" ">
            <subfield code="2">DE-600</subfield>
            <subfield code="a">Tai yang neng xue bao</subfield>
        </datafield>
        <datafield tag="260" ind1=" " ind2=" ">
            <subfield code="a">Bei jing</subfield>
            <subfield code="b">Zhong guo tai yang neng xue hui</subfield>
        </datafield>
        <datafield tag="380" ind1=" " ind2=" ">
            <subfield code="2">marcgt</subfield>
            <subfield code="a">journal</subfield>
        </datafield>
        <datafield tag="500" ind1=" " ind2=" ">
            <subfield code="a">Automatically generated record. (Updated: 08/2016)</subfield>
        </datafield>
        <datafield tag="650" ind1=" " ind2="7">
            <subfield code="0">ASJC:2102</subfield>
            <subfield code="2">ASJC</subfield>
            <subfield code="a">Energy Engineering and Power Technology</subfield>
        </datafield>
        <datafield tag="650" ind1=" " ind2="7">
            <subfield code="0">ASJC:3107</subfield>
            <subfield code="2">ASJC</subfield>
            <subfield code="a">Atomic and Molecular Physics, and Optics</subfield>
        </datafield>
        <datafield tag="650" ind1=" " ind2="7">
            <subfield code="0">ASJC:2504</subfield>
            <subfield code="2">ASJC</subfield>
            <subfield code="a">Electronic, Optical and Magnetic Materials</subfield>
        </datafield>
        <datafield tag="650" ind1=" " ind2="7">
            <subfield code="0">ASJC:2105</subfield>
            <subfield code="2">ASJC</subfield>
            <subfield code="a">Renewable Energy, Sustainability and the Environment</subfield>
        </datafield>
        <datafield tag="909" ind1="C" ind2="O">
            <subfield code="o">oai:juser.fz-juelich.de:274782</subfield>
            <subfield code="p">authority</subfield>
            <subfield code="p">authority:PERI</subfield>
        </datafield>
        <datafield tag="909" ind1="C" ind2="O">
            <subfield code="o">oai:juser.fz-juelich.de:274782</subfield>
        </datafield>
        <datafield tag="915" ind1=" " ind2=" ">
            <subfield code="0">StatID:(DE-HGF)0200</subfield>
            <subfield code="2">StatID</subfield>
            <subfield code="a">DBCoverage</subfield>
            <subfield code="b">SCOPUS</subfield>
        </datafield>
        <datafield tag="980" ind1=" " ind2=" ">
            <subfield code="a">PERI</subfield>
        </datafield>
        <datafield tag="980" ind1=" " ind2=" ">
            <subfield code="a">AUTHORITY</subfield>
        </datafield>
    </record>

    
</collection>